Eccitante : due racconti erotici /

Saved in:
Bibliographic Details
Main Authors: Croce, Fabio (Author), Grotz, Herman (Author)
Format: Book
Language:Italian
Published: Roma : Edizioni Libreria Croce, stampa 2000
Edition:2. ed
Series:OffSide
Tags: Add Tag
No Tags, Be the first to tag this record!

MARC

LEADER 00000nam a22000007i 4500
001 IT\ICCU\MOD\0408134
003 ItRI
005 20250728105028.0
008 010330s2000 it |||||| ||||| |||||c
020 |a 8887323402 
040 |b ita  |c ct 
041 7 |a ita  |2 ISO-639-2 
082 |a 853.92  |2 21 
100 1 |a Croce, Fabio  |0 IT\ICCU\MODV\119433  |4 aut 
245 1 0 |a Eccitante :  |b due racconti erotici /  |c Luca Selvaggi, Herman Grotz. 
250 |a 2. ed 
260 |a Roma :  |b Edizioni Libreria Croce,  |c stampa 2000 
300 |a 100 p. ;  |c 21 cm. 
700 1 |a Grotz, Herman  |0 IT\ICCU\MODV\160496  |4 aut 
830 0 |a OffSide  |0 IT\ICCU\RMS\0086921 
942 |2 ddc  |c BK 
952 |0 0  |1 0  |2 ddc  |4 0  |6 B_LNR03SELLUECC11  |7 0  |9 5401  |a MI  |b MI  |d 2004-11-14  |i 4653  |l 0  |o B-LNR03-SELLU-ECC11  |p CDOM4653  |r 2025-07-13 16:27:58  |w 2025-07-13  |x DONO  |y BK 
981 1 |6 z01  |a i   |b xxxe  
982 1 |6 z01  |a n 
999 |c 4302  |d 4302